| 000 | 00376nam a2200157Ia 4500 | ||
|---|---|---|---|
| 008 | 210716s2002 xx 000 0 und d | ||
| 020 | _a8178084546 | ||
| 041 | _aeng | ||
| 082 | _a005.43 PAJG | ||
| 100 | _aPajari, George. | ||
| 245 | _aWriting unix device drivers. | ||
| 250 | _a1 | ||
| 260 |
_aNew Delhi _bPearson Education _c2002 |
||
| 300 | _axii,323 | ||
| 650 | _aUnix | ||
| 999 |
_c185500 _d185500 |
||